[Event "GER-ch Youth-B"]
[Site "Willingen"]
[Date "2022.06.10"]
[Round "8"]
[White "Schwarz, David"]
[Black "Sari, Reber Furkan"]
[Result "1-0"]
[WhiteElo "1244"]
[BlackElo "1292"]
[PlyCount "71"]
[EventDate "2022.06.04"]
[EventType "swiss"]
[EventRounds "9"]
[EventCountry "GER"]
[SourceTitle "CBM 208 Extra"]
[Source "ChessBase"]
[SourceDate "2022.07.31"]
[SourceVersion "1"]
[SourceVersionDate "2022.07.31"]
[SourceQuality "1"]

1. e4 e6 2. Nf3 d5 3. exd5 exd5 4. h3 Nf6 5. d4 Bd6 6. c4 c6 7. c5 Bc7 8. Bd3 0-0 9. 0-0 Nbd7 10. Nc3 Re8 11. Qc2 h6 12. b4 b6 13. Be3 bxc5 14. dxc5 Ne5 15. Nd4 Bd7 16. b5 cxb5 17. Bxb5 Bxb5 18. Ncxb5 Nc4 19. Nc6 Qc8 20. Ncxa7 Rxa7 21. Nxa7 Qa6 22. Bd4 Be5 23. Bxe5 Nxe5 24. Rfb1 Qxa7 25. a4 Nc4 26. a5 Nd7 27. c6 Nc5 28. Re1 Rxe1+ 29. Rxe1 Ne4 30. Rxe4 dxe4 31. Qxc4 Qxa5 32. c7 Qa1+ 33. Kh2 Qe5+ 34. g3 Qf6 35. c8Q+ Kh7 36. Qxe4+ 1-0